|
|
|
|
| LEADER |
00000nam2a2200000 4500 |
| 001 |
128543 |
| 005 |
20260205132828.0 |
| 035 |
|
|
|a (RuTPU)RU\TPU\book\139055
|
| 090 |
|
|
|a 128543
|
| 100 |
|
|
|a 20071228d1965 m y0rusy50 ca
|
| 101 |
0 |
|
|a rus
|
| 102 |
|
|
|a RU
|
| 105 |
|
|
|a c z 000zb
|
| 200 |
0 |
|
|a Т. 1
|
| 210 |
|
|
|d 1965
|
| 215 |
|
|
|a 408 с.
|c портр.
|
| 461 |
|
1 |
|0 (RuTPU)RU\TPU\book\143325
|t Повести моей жизни. Мемуары
|o в 2 т.
|f Н. А. Морозов
|g Академия наук СССР (АН СССР)
|v Т. 1
|d 1965
|
| 600 |
|
1 |
|a Морозов
|b Н. А.
|c российский политический деятель и учёный
|c народник
|f 1854-1946
|g Николай Александрович
|2 stltpush
|3 (RuTPU)RU\TPU\pers\125
|
| 606 |
|
|
|a Народничество
|7 ca
|8 rus
|x (история)
|9 89128
|
| 610 |
1 |
|
|a революционное движение
|
| 610 |
1 |
|
|a Россия
|
| 610 |
1 |
|
|a 19 век
|
| 610 |
1 |
|
|a 20 век
|
| 610 |
1 |
|
|a воспоминания
|
| 610 |
1 |
|
|a записки
|
| 610 |
1 |
|
|a тюрьмы
|
| 610 |
1 |
|
|a каторга
|
| 610 |
1 |
|
|a ссылки
|
| 686 |
|
|
|a Т3(2)522
|2 rubbk
|
| 801 |
|
1 |
|a RU
|b 63413507
|c 20071228
|g PSBO
|
| 801 |
|
2 |
|a RU
|b 63413507
|c 20190606
|g PSBO
|
| 942 |
|
|
|c BK
|